Don Ramón Martínez Silva : semblanzas de un maestro /

Salvato in:
Dettagli Bibliografici
Autore principale: González Flores, Manuel (coordinación)
Altri autori: Hinojosa González, Luis (coordinación) (coordinación)
Natura: Libro
Lingua:spagnolo
Pubblicazione: México : Jus, 1974, c1974
Tags: Aggiungi Tag
Nessun Tag, puoi essere il primo ad aggiungerne!!

MARC

LEADER 00000nam^a2200000^a^4500
001 000563509
005 20250521000000.0
009 20260310132006.524
037 |a Acervo ITESO - Biblioteca 
041 |a ESP 
091 |a FGM. 02065 
100 |a González Flores, Manuel  |e (coordinación) 
245 1 0 |a Don Ramón Martínez Silva :  |b semblanzas de un maestro / 
264 4 |a México :  |b Jus,  |c 1974, c1974 
300 |a 264 p., [43 láminas] 
336 |a texto  |b txt  |2 rdacontenido 
337 |a sin mediación  |b n  |2 rdamedio 
338 |a volumen  |b nc  |2 rdasoporte 
649 |a XX 
700 |a Hinojosa González, Luis  |e (coordinación) 
910 |a Fondo Efraín González Morfín 
920 |a Impresos - Libros 
930 |a Fondos Especiales 
905 |a 130 
901 |a 0500386474  |b IT2  |c ESL  |i D92037  |u 20250521 
902 |a https://opac.biblio.iteso.mx/vufind/Record/000563509